Selviytyjät Suomi Pohjola -kilpailijat - Statistics

Yleistilastot
  • Tätä visaa on pelattu 17 kertaa
  • Keskiarvotulos 10 / 16
Vastaustilastot
Sija Kilpailija % Oikein
3 Joalin Loukamaa
93%
6 Niko Saarinen
87%
1 Kristian Heiskari
80%
7 Karoliina Tuominen
73%
2 Marianne Kiukkonen
73%
10 Kerttu Rissanen
67%
14 Aki Manninen
60%
5 Archie Cruz
60%
9 Elias Gould
60%
13 Juuso Karikuusi
60%
4 Suvi Pitkänen
60%
11 Sabina Särkkä
53%
12 Arttu Harkki
47%
15 Johanna Pakonen
47%
16 Oskari Katajisto
40%
8 Sara Vanninen
40%
Ehtoja vastaavia visoja ei löytynyt
Tulosjakauma
Jokaisen tuloksen saaneiden osuus
Persentiili vastausten määrän mukaan
Tuloshistoriasi
Et ole pelannut tätä visaa